01516 a2200157 45000010006000000050017000060080041000230030015000640400040000790800068001192450037001872640028002243000020002525051065002721000021013375427620260407155814.0260407a1964 arg spa dAR-UNSa-BCEJYS aAR-UNSa-BCEJYSbspacAR-UNSa-BCEJYS a336.741.2xNaturaleza de la moneda. Teoría general del dinero10aTeoría y política del dinero 1aMadrid :bAguilarc1964 a402 p,.c22 cm. aPrimera Parte: TEORIA DEL DINERO: 1. Concepto del dinero- 2. La creación del dinero – 3. Los motivos para la creación del dinero – 4. La importancia de los medios de pago – 5. El problema de la liquidez – 6. La determinación del tipo de interés – 7. ¿Puede crearse el dinero sin la mediación de los bancos? – 8. El concepto de liquidez y el banco central – 9. La organización del banco central – 10. Dinero y precios – 11. La relación de cambio frente a otras unidades de cálculo – 12. Un análisis más profundo de la formación del cambio en el extranjero – 13. Los tipos de cambio fijos y libres – 14. Inflación y deflación – 15. El valor de dinero - - Segunda Parte: POLITICA DEL DINERO: 1. Introducción – 2. La meta de la política monetaria – 3. Los medios para el mantenimiento del patrón oro – 4. La estabilización del nivel de precios – 5. La regulación del nivel de precios en forma inversamente proporcional a la productividad – 6. La estabilización de la actividad económica.1 aPedersen, Jorgen